|
|
|
|
| LEADER |
00000naa0a2200000 4500 |
| 001 |
602031 |
| 005 |
20250905160743.0 |
| 035 |
|
|
|a (RuTPU)RU\TPU\tpu\27433
|
| 090 |
|
|
|a 602031
|
| 100 |
|
|
|a 20150507d2012 k y0rusy50 ca
|
| 101 |
0 |
|
|a rus
|
| 102 |
|
|
|a RU
|
| 200 |
1 |
|
|a Развитие ядерной энергетики в XXI веке
|f О. В. Селиваникова
|
| 333 |
|
|
|a В фонде НТБ ТПУ отсутствует
|
| 461 |
|
1 |
|t Высокие технологии, исследования, образование, экономика
|o сборник статей Четырнадцатой международной научно-практической конференции "Фундаментальные и прикладные исследования, разработка и применение высоких технологий в промышленности и экономике" 4-5 декабря 2012 года, Санкт-Петербург, Россия
|d 2012
|
| 463 |
|
1 |
|t Т. 1
|v C. 275-277
|d 2012
|
| 610 |
1 |
|
|a труды учёных ТПУ
|
| 700 |
|
1 |
|a Селиваникова
|b О. В.
|c специалист в области ядерных технологий
|c старший преподаватель Томского политехнического университета
|f 1977-
|g Ольга Валерьевна
|3 (RuTPU)RU\TPU\pers\26441
|9 12144
|
| 712 |
0 |
2 |
|a Национальный исследовательский Томский политехнический университет (ТПУ)
|b Физико-технический институт (ФТИ)
|b Кафедра физико-энергетических установок (№ 21) (ФЭУ)
|3 (RuTPU)RU\TPU\col\18730
|
| 801 |
|
1 |
|a RU
|b 63413507
|c 20150507
|
| 942 |
|
|
|c BK
|